| 000 | 00497nam a2200145Ia 4500 | ||
|---|---|---|---|
| 008 | 230917s9999||||xx |||||||||||||| ||und|| | ||
| 040 |
_e53256 _aMAIN |
||
| 041 | _aEnglish | ||
| 082 | _aB N315N:N | ||
| 100 | _aNehru, Jawaharlal | ||
| 245 | 0 | _aNehru the first sixty years: Presenting in his own words the development of the political thought of Jawaharlal Nehru and the background against which it evolved, V2 | |
| 260 |
_aBombay _bAsia Publishing House _c1965 |
||
| 300 | _av. p. | ||
| 942 | _cBK | ||
| 999 |
_c189974 _d189974 |
||